[Event "Championnat de Paris Open A"]
[Site "Paris"]
[Date "2010.07.08"]
[Round "6.12"]
[White "Gravier, Laurent"]
[Black "Laurent, Julien G"]
[Result "0-1"]
[WhiteElo "2098"]
[BlackElo "2291"]
[PlyCount "80"]
[EventDate "2010.??.??"]

1. e4 g6 2. d4 Bg7 3. Nc3 d6 4. f4 a6 5. Nf3 b5 6. Bd3 Nd7 7. O-O c5 8. e5 cxd4
9. Be4 dxc3 10. Bxa8 dxe5 11. fxe5 Qb6+ 12. Kh1 Nxe5 13. Nxe5 Bxe5 14. bxc3 Nf6
15. Bh6 Ng4 16. Qd5 e6 17. Qe4 f5 18. Bc6+ Kf7 19. Qxg4 Qxc6 20. a4 Bxc3 21.
Qe2 Qc7 22. axb5 Bxa1 23. Rxa1 axb5 24. Qxb5 Bd7 25. Qb2 e5 26. Ra6 Qc4 27. Ra1
Re8 28. h3 Bc6 29. Kh2 Qe2 30. Qb3+ Kf6 31. Qg3 f4 32. Qg5+ Ke6 33. Bg7 f3 34.
Qf6+ Kd5 35. Ra5+ Kd4 36. Qd6+ Ke3 37. Qc5+ Kf4 38. Bh6+ Kf5 39. Qg1 f2 40. g4+
Ke6 0-1

[Event "Championnat de Paris Open A"]
[Site "Paris"]
[Date "2010.07.08"]
[Round "6.13"]
[White "Bouton, Christophe"]
[Black "Van Zutphen, Jimmy"]
[Result "1/2-1/2"]
[WhiteElo "2060"]
[BlackElo "2203"]
[PlyCount "68"]
[EventDate "2010.??.??"]

1. c4 c6 2. Nf3 g6 3. g3 Bg7 4. Bg2 Nf6 5. Nc3 d6 6. d3 Nbd7 7. Rb1 O-O 8. O-O
e5 9. b4 Qc7 10. b5 Nc5 11. bxc6 bxc6 12. Nd2 Bd7 13. Ba3 Ne6 14. Nde4 Nxe4 15.
Nxe4 c5 16. Bc1 Rab8 17. Bd2 Bc6 18. Nc3 Bxg2 19. Kxg2 Qc6+ 20. Kg1 Nc7 21. Qa4
Qxa4 22. Nxa4 f5 23. Ba5 Ne6 24. Nc3 e4 25. Rfd1 Bxc3 26. Bxc3 exd3 27. exd3
Kf7 28. h4 Ke7 29. Kg2 Kd7 30. Re1 Rfe8 31. Ba5 Rf8 32. Bc3 Rfe8 33. Ba5 Rf8
34. Bc3 Rfe8 1/2-1/2

[Event "Championnat de Paris Open A"]
[Site "Paris"]
[Date "2010.07.08"]
[Round "6.14"]
[White "Eid, Maha"]
[Black "Rano, David"]
[Result "0-1"]
[WhiteElo "2051"]
[BlackElo "2166"]
[PlyCount "80"]
[EventDate "2010.??.??"]

1. d4 d5 2. c4 c6 3. Nf3 dxc4 4. e3 b5 5. a4 e6 6. axb5 cxb5 7. b3 Bb4+ 8. Bd2
Bxd2+ 9. Nbxd2 a5 10. bxc4 b4 11. Ne5 Nf6 12. Qa4+ Nfd7 13. Be2 O-O 14. Bf3 Ra7
15. Nc6 Nxc6 16. Bxc6 Qc7 17. Bb5 Nb6 18. Qb3 Bd7 19. Bxd7 Nxd7 20. O-O Rd8 21.
Rfd1 Rb8 22. Ra2 Rba8 23. Rda1 Nb6 24. h3 h6 25. Rc2 Qe7 26. Rb2 Qc7 27. Rc2
Qc6 28. Rca2 Kh8 29. e4 e5 30. d5 Qc5 31. Qg3 Qc7 32. c5 Qxc5 33. Qxe5 a4 34.
Qb2 a3 35. Qb3 Na4 36. Rc2 Qd4 37. Rac1 Nc3 38. Nf3 Qxe4 39. Nd2 Ne2+ 40. Kf1
Nxc1 0-1

[Event "Championnat de Paris Open A"]
[Site "Paris"]
[Date "2010.07.08"]
[Round "6.15"]
[White "Ribeiro, Romain"]
[Black "Eden, James"]
[Result "1-0"]
[WhiteElo "2159"]
[BlackElo "2090"]
[PlyCount "121"]
[EventDate "2010.??.??"]

1. e4 e5 2. Nf3 Nc6 3. Bc4 Nf6 4. d3 Bc5 5. c3 d6 6. Nbd2 a6 7. b4 Ba7 8. Nf1
O-O 9. Be3 Ne7 10. Ng3 Ng6 11. O-O c6 12. Bb3 h6 13. Qd2 Be6 14. d4 exd4 15.
Nxd4 Bxb3 16. Nxb3 Bb8 17. Na5 Qe7 18. f3 Rd8 19. Nf5 Qc7 20. Rad1 d5 21. g3
Ne5 22. Qf2 Re8 23. Bb6 Qc8 24. Rfe1 dxe4 25. fxe4 Neg4 26. Qc5 Qe6 27. Qc4
Qxc4 28. Nxc4 Ne5 29. Nxe5 Rxe5 30. Bd4 Ba7 31. Bxa7 Rxa7 32. Rd8+ Kh7 33. Nd6
b5 34. Kf2 Rae7 35. Kf3 c5 36. Rc8 cxb4 37. cxb4 R7e6 38. Rd8 Kg6 39. g4 h5 40.
gxh5+ Rxh5 41. Rg1+ Kh7 42. Nxf7 Re8 43. Rxe8 Nxe8 44. Rg2 Nc7 45. Nd8 Rh3+ 46.
Kf4 Rc3 47. Kf5 Rc4 48. a3 Rc3 49. Rg3 Rc2 50. Ne6 Nxe6 51. Rh3+ Kg8 52. Kxe6
Rd2 53. e5 Re2 54. Kd6 Kf7 55. Rf3+ Ke8 56. Rc3 Rxh2 57. Rc8+ Kf7 58. e6+ Kg6
59. e7 Rd2+ 60. Kc7 Rc2+ 61. Kb7 1-0

[Event "Championnat de Paris Open A"]
[Site "Paris"]
[Date "2010.07.08"]
[Round "6.16"]
[White "Mayer, Philippe"]
[Black "Santamaria, Jorge"]
[Result "1/2-1/2"]
[WhiteElo "2078"]
[BlackElo "2157"]
[PlyCount "131"]
[EventDate "2010.??.??"]

1. d4 Nf6 2. Nf3 e6 3. c4 Bb4+ 4. Bd2 Qe7 5. a3 Bxd2+ 6. Nbxd2 d6 7. e3 O-O 8.
Bd3 e5 9. dxe5 dxe5 10. Qc2 Rd8 11. Ne4 Nbd7 12. O-O-O Re8 13. Kb1 {=} 13... g6
14. Qc3 Nxe4 15. Bxe4 Nc5 16. Bc2 Bg4 17. Rd5 Bxf3 18. gxf3 c6 19. Rd2 Rad8 20.
Rhd1 Rxd2 21. Qxd2 Ne6 22. Qa5 Qc5 23. Qxc5 Nxc5 24. b4 Ne6 25. Rd7 Rb8 26. c5
b6 27. cxb6 axb6 28. Bb3 Re8 29. a4 Ra8 30. Kb2 c5 31. Bxe6 fxe6 32. Kb3 cxb4
33. Rd6 Rf8 34. Kxb4 Rxf3 35. Rxb6 Rxf2 36. a5 Rxh2 37. a6 Ra2 38. Kb5 h5 39.
Rxe6 Kf7 40. Rxe5 h4 41. Re4 h3 42. Rh4 h2 43. a7 Rxa7 44. Rxh2 Ra3 45. Rh3 Rc3
46. Kb4 Rc1 47. e4 Re1 48. Rh4 g5 49. Rg4 Kf6 50. Kc4 Rd1 51. Rg3 Kg6 52. Rd3
Rc1+ 53. Kd4 g4 54. e5 Kf5 55. Re3 Rd1+ 56. Kc5 Kf4 57. Re2 Kf3 58. Rc2 g3 59.
e6 Rd8 60. Rc3+ Kf2 61. Rxg3 Kxg3 62. e7 Ra8 63. Kd6 Kf4 64. Kd7 Ra7+ 65. Kd6
Ra6+ 66. Kd7 1/2-1/2

[Event "Championnat de Paris Open A"]
[Site "Paris"]
[Date "2010.07.08"]
[Round "6.17"]
[White "Quach, Charlie"]
[Black "Jego, Eric"]
[Result "1-0"]
[WhiteElo "2153"]
[BlackElo "1993"]
[PlyCount "89"]
[EventDate "2010.??.??"]

1. d4 Nf6 2. c4 c5 3. d5 b5 4. cxb5 d6 5. Nc3 a6 6. b6 Qxb6 7. e4 g6 8. a4 Qb4
9. Qc2 Bg7 10. f3 Nbd7 11. Bd2 Qd4 12. Rd1 O-O 13. Nge2 Qe5 14. Bf4 Qh5 15. h4
Ne5 16. Kf2 Nfg4+ 17. fxg4 Qxg4 18. Bxe5 Bxe5 19. Rd3 Rb8 20. Rf3 Rb4 21. g3 f5
22. Bh3 Qh5 23. exf5 gxf5 24. Nf4 Qe8 25. Nd3 Bd4+ 26. Kg2 Rb8 27. b3 e5 28.
dxe6 Qxe6 29. Nf4 Qe5 30. Nce2 Bb7 31. Nxd4 cxd4 32. Qc4+ Rf7 33. Rhf1 Re8 34.
Kh2 Bxf3 35. Rxf3 Kg7 36. Rd3 Rb7 37. Bg2 Rbb8 38. Rxd4 Rec8 39. Qd3 Rb6 40.
Bd5 Rc1 41. Nh5+ Kg6 42. Rg4+ Kxh5 43. Rg5+ Kh6 44. Qd2 Qe1 45. Rg6+ 1-0

[Event "Championnat de Paris Open A"]
[Site "Paris"]
[Date "2010.07.08"]
[Round "6.18"]
[White "Matrand, Arnaud"]
[Black "Lemeille, Francois"]
[Result "0-1"]
[WhiteElo "2130"]
[BlackElo "1975"]
[PlyCount "80"]
[EventDate "2010.??.??"]

1. d4 Nf6 2. Nf3 g6 3. g3 Bg7 4. Bg2 O-O 5. c4 d6 6. Nc3 Nbd7 7. O-O c6 8. e4
e5 9. Re1 Qe7 10. h3 a5 11. b3 Ne8 12. dxe5 dxe5 13. a4 Nc7 14. Ba3 Nc5 15. Qc2
N7a6 16. Na2 Rd8 17. Qc3 Qc7 18. Nc1 f6 19. Qe3 b6 20. Bf1 Be6 21. Ra2 Rd7 22.
Rd2 Rad8 23. Rxd7 Rxd7 24. Kh2 Bf8 25. Bb2 Nb4 26. Qc3 Qd8 27. g4 h6 28. Re3
Nca6 29. Nd3 Nxd3 30. Rxd3 Bb4 31. Rxd7 Qxd7 32. Qe3 Kg7 33. Bc1 g5 34. Qxb6
Nc5 35. Be3 Nxb3 36. c5 Nd4 37. Nd2 Bxd2 38. Bxd2 Nf3+ 39. Kg2 Nxd2 40. Ba6
Nxe4 0-1

[Event "Championnat de Paris Open A"]
[Site "Paris"]
[Date "2010.07.08"]
[Round "6.19"]
[White "Tran, Philippe"]
[Black "Legrand, Stephane"]
[Result "0-1"]
[WhiteElo "2005"]
[BlackElo "2129"]
[PlyCount "67"]
[EventDate "2010.??.??"]

1. d4 d5 2. Nf3 e6 3. g3 c5 4. Bg2 Nc6 5. O-O Nf6 6. Nc3 Be7 7. b3 O-O 8. Bb2
Re8 9. Rc1 b6 10. a3 Bb7 11. Nb1 Rc8 12. Nbd2 Bf8 13. dxc5 bxc5 14. Re1 e5 15.
c4 d4 16. Ng5 Ng4 17. Nh3 f5 18. Nf1 e4 19. Qc2 Nce5 20. Rcd1 Qc7 21. Qb1 h6
22. Qc1 Qf7 23. Nf4 g5 24. Nh3 a5 25. Qd2 a4 26. bxa4 Nxc4 27. Qc1 Bc6 28. Qa1
Rb8 29. Rb1 Bxa4 30. Bc1 Na5 31. Rxb8 Rxb8 32. Bd2 Nb3 33. Qb2 c4 34. Ba5 0-1

[Event "Championnat de Paris Open A"]
[Site "Paris"]
[Date "2010.07.08"]
[Round "6.20"]
[White "Debeaune, Robin"]
[Black "Pluyaud, Benoit"]
[Result "1-0"]
[WhiteElo "2115"]
[BlackElo "1930"]
[PlyCount "85"]
[EventDate "2010.??.??"]

1. e4 e5 2. Nf3 d6 3. Bc4 Nf6 4. d3 Be7 5. O-O O-O 6. Bb3 Nbd7 7. c3 Nc5 8. Bc2
Bg4 9. h3 Bh5 10. Qe2 Ne6 11. Be3 Nd7 12. Nbd2 Kh8 13. g4 Bg6 14. Rfd1 c6 15.
Nf1 Qc7 16. Ng3 Rfe8 17. Nf5 Bxf5 18. gxf5 Nf4 19. Bxf4 exf4 20. d4 g5 21. Qd3
Bf6 22. Bb3 Re7 23. Re1 Rg8 24. Nh2 c5 25. Rad1 Rc8 26. Qf3 Qb6 27. dxc5 dxc5
28. Rxd7 Rxd7 29. e5 c4 30. Ng4 Rd3 31. Qe4 Rg3+ 32. Kf1 Rxh3 33. exf6 h5 34.
Ne5 Qxf6 35. Bxc4 f3 36. Kg1 Rh4 37. Nxf7+ Kg7 38. Qxb7 Rcxc4 39. Nd6+ Kh6 40.
Nxc4 Rg4+ 41. Kf1 Rh4 42. Qxf3 Rf4 43. Qxf4 1-0

[Event "Championnat de Paris Open A"]
[Site "Paris"]
[Date "2010.07.08"]
[Round "6.21"]
[White "Aflalo, Sophie"]
[Black "Adjem, Mondher"]
[Result "1/2-1/2"]
[WhiteElo "2008"]
[BlackElo "2110"]
[PlyCount "45"]
[EventDate "2010.??.??"]

1. e4 g6 2. Nc3 d6 3. f4 Bg7 4. Nf3 c5 5. Bc4 Nc6 6. d3 Nf6 7. O-O O-O 8. a4 e6
9. Qe1 a6 10. f5 d5 11. Ba2 dxe4 12. dxe4 exf5 13. exf5 Bxf5 14. Qh4 Nd4 15.
Be3 Ng4 16. Bg5 Bf6 17. h3 Nxf3+ 18. Rxf3 Bxg5 19. Qg3 Bh4 20. Qf4 Bg5 21. Qg3
Bh4 22. Qf4 Bg5 23. Qg3 1/2-1/2

[Event "Championnat de Paris Open A"]
[Site "Paris"]
[Date "2010.07.08"]
[Round "6.22"]
[White "Le Ray, Olivier"]
[Black "Caroff, Frederic"]
[Result "1/2-1/2"]
[WhiteElo "1927"]
[BlackElo "2106"]
[PlyCount "61"]
[EventDate "2010.??.??"]

1. e4 c5 2. Nf3 d6 3. d4 cxd4 4. Nxd4 Nf6 5. Nc3 a6 6. Be3 e5 7. Nb3 Be6 8. Qd2
Be7 9. f3 Nbd7 10. O-O-O Qc7 11. g4 h6 12. Kb1 b5 13. Be2 Nb6 14. Bxb6 Qxb6 15.
Nd5 Nxd5 16. exd5 Bg5 17. Qa5 Qxa5 18. Nxa5 Bd7 19. Nc6 O-O 20. h4 Bf6 21. Bd3
g5 22. hxg5 Bxg5 23. Rh5 Kg7 24. Rg1 Be8 25. Bf5 a5 26. Rgh1 f6 27. R5h2 Rf7
28. Rd1 Rb7 29. Rd3 Bf7 30. Be4 b4 31. c4 {=} 1/2-1/2

[Event "Championnat de Paris Open A"]
[Site "Paris"]
[Date "2010.07.08"]
[Round "6.23"]
[White "Aguirre, Simon"]
[Black "Msellek, Ilyass"]
[Result "1-0"]
[WhiteElo "2290"]
[BlackElo "2010"]
[PlyCount "67"]
[EventDate "2010.??.??"]

1. d4 Nf6 2. Nc3 d5 3. Bg5 Nbd7 4. f3 e6 5. e4 h6 6. Bh4 Bb4 7. e5 g5 8. Bf2
Nh5 9. a3 Be7 10. g3 a6 11. f4 Ng7 12. Bd3 c5 13. dxc5 Nxc5 14. Qd2 Nxd3+ 15.
cxd3 gxf4 16. gxf4 Nf5 17. Nf3 b5 18. Nd4 Nxd4 19. Bxd4 f5 20. exf6 Bxf6 21.
Qe3 Kf7 22. O-O-O Bd7 23. Kb1 Bxd4 24. Qxd4 Qf6 25. Qb6 Qd8 26. Qe3 Bc8 27.
Rhg1 Qd6 28. Qg3 Rf8 29. Qg6+ Ke7 30. Qxh6 Qxf4 31. Nxd5+ exd5 32. Rg7+ Qf7 33.
Re1+ Kd8 34. Qd6+ 1-0

[Event "Championnat de Paris Open A"]
[Site "Paris"]
[Date "2010.07.08"]
[Round "6.24"]
[White "Xheladini, Mahmut"]
[Black "Koch, Alain"]
[Result "1-0"]
[WhiteElo "2286"]
[BlackElo "2011"]
[PlyCount "73"]
[EventDate "2010.??.??"]

1. e4 e5 2. Nf3 Nc6 3. Bb5 a6 4. Ba4 d6 5. O-O Bg4 6. c3 b5 7. Bb3 Qf6 8. Re1
Bxf3 9. gxf3 Nge7 10. Kh1 h5 11. d3 g5 12. Be3 Bh6 13. Nd2 Rb8 14. Rg1 Ng6 15.
Rg3 Nf4 16. Bxf4 exf4 17. Rg2 Ne5 18. d4 Ng6 19. Qe2 O-O 20. a4 c5 21. axb5
axb5 22. e5 Qe7 23. Ra6 c4 24. Bc2 Rfd8 25. Bxg6 fxg6 26. Qe4 Qf7 27. exd6 Re8
28. Qb1 Qb7 29. Qxg6+ Bg7 30. Rxg5 Re1+ 31. Kg2 h4 32. h3 Rbe8 33. d5 Qd7 34.
Rc6 Rh1 35. Rg4 Qf7 36. Qxf7+ Kxf7 37. Rc7+ 1-0

[Event "Championnat de Paris Open A"]
[Site "Paris"]
[Date "2010.07.08"]
[Round "6.51"]
[White "Toubale, Kassem"]
[Black "Chaumont, Adeline"]
[Result "1-0"]
[WhiteElo "1935"]
[BlackElo "2029"]
[PlyCount "55"]
[EventDate "2010.??.??"]

1. e4 c6 2. Nc3 d5 3. Nf3 d4 4. Ne2 c5 5. c3 dxc3 6. bxc3 Nf6 7. Ng3 Qa5 8. Bc4
b5 9. e5 bxc4 10. exf6 exf6 11. Qe2+ Kd8 12. Qe4 Kc7 13. O-O Nc6 14. d4 cxd4
15. Nxd4 Bd7 16. Bf4+ Bd6 17. Bxd6+ Kxd6 18. Rfd1 Kc7 19. Nxc6 Bxc6 20. Qe7+
Kb6 21. Rab1+ Ka6 22. Rd6 Rab8 23. Rxc6+ Rb6 24. Rcxb6+ axb6 25. Qc7 b5 26.
Qc6+ Qb6 27. Qxb6+ Kxb6 28. a4 1-0

[Event "Championnat de Paris Open A"]
[Site "Paris"]
[Date "2010.07.09"]
[Round "7.1"]
[White "Wunderman, Xavier"]
[Black "Emmenecker, Philippe"]
[Result "1-0"]
[WhiteElo "2173"]
[BlackElo "2169"]
[PlyCount "71"]
[EventDate "2010.??.??"]

1. e4 c5 2. Nc3 Nc6 3. Bb5 Nd4 4. Bc4 e6 5. Nf3 Nf6 6. O-O a6 7. d3 b5 8. Bb3
Nxb3 9. axb3 Bb7 10. e5 Nd5 11. Ne4 Be7 12. c4 Nb4 13. Bd2 Bxe4 14. dxe4 Nc6
15. Bf4 O-O 16. Qd2 Qb6 17. h4 Nd4 18. Nxd4 cxd4 19. Rfd1 bxc4 20. bxc4 Bc5 21.
Qe2 f5 22. Rd3 fxe4 23. Qxe4 Qxb2 24. Rf1 Rab8 25. Rg3 Qb7 26. Qxb7 Rxb7 27.
Bh6 Rf7 28. Ra1 Kf8 29. Bg5 h6 30. Bd2 Rb2 31. Rd3 Rc2 32. Rxa6 Rxc4 33. Ra8+
Ke7 34. Rc8 d6 35. Rb3 dxe5 36. Rc7+ 1-0

[Event "Championnat de Paris Open A"]
[Site "Paris"]
[Date "2010.07.09"]
[Round "7.2"]
[White "Dicko, Henri"]
[Black "Gervasio, Ricardo"]
[Result "0-1"]
[WhiteElo "2191"]
[BlackElo "2292"]
[PlyCount "58"]
[EventDate "2010.??.??"]

1. e4 e5 2. Nf3 Nc6 3. Bb5 a6 4. Ba4 Nf6 5. O-O Be7 6. Qe2 b5 7. Bb3 d6 8. c3
Na5 9. Bc2 c5 10. d3 h6 11. Re1 Be6 12. d4 Qc7 13. b3 cxd4 14. cxd4 Nc6 15. Bb2
Bg4 16. d5 Bxf3 17. gxf3 Nb4 18. Bd3 Qd7 19. Qd2 Nxd3 20. Qxd3 Nh5 21. Nd2 Bg5
22. Re3 Bxe3 23. fxe3 O-O 24. Kg2 f5 25. exf5 Rxf5 26. Ne4 Raf8 27. Rf1 Qf7 28.
f4 exf4 29. Nxd6 Rg5+ 0-1

[Event "Championnat de Paris Open A"]
[Site "Paris"]
[Date "2010.07.09"]
[Round "7.3"]
[White "Duijker, Rick"]
[Black "Talbi, Boumedienne"]
[Result "1-0"]
[WhiteElo "2241"]
[BlackElo "2202"]
[PlyCount "199"]
[EventDate "2010.??.??"]

1. d4 Nf6 2. Bg5 Ne4 3. Bf4 c5 4. f3 Qa5+ 5. c3 Nf6 6. d5 Qb6 7. Bc1 d6 8. e4
g6 9. a4 a6 10. Na3 Bg7 11. Bd3 O-O 12. Ne2 Nbd7 13. Nc4 Qc7 14. O-O b6 15. Be3
Rb8 16. Qd2 b5 17. axb5 axb5 18. Na5 Ne5 19. Kh1 Nfd7 20. f4 Nxd3 21. Qxd3 Bb7
22. Nxb7 Rxb7 23. Ra2 b4 24. c4 Ra7 25. Rfa1 Rfa8 26. Qb3 Qb7 27. Nc1 Rxa2 28.
Rxa2 Ra6 29. Nd3 Qa8 30. Rxa6 Qxa6 31. Qc2 Qa2 32. h3 Qa1+ 33. Kh2 Qf1 34. b3
Bd4 35. Bxd4 cxd4 36. Qd2 Nf6 37. Nf2 d3 38. e5 Qe2 39. Qxd3 Qxf2 40. exf6
Qxf4+ 41. Kh1 Qxf6 42. Qd2 Qc3 43. Qa2 h5 44. Qa4 Qe1+ 45. Kh2 h4 46. Qa8+ Kg7
47. Qa2 f5 48. Qa4 f4 49. Qd7 f3 50. gxf3 Qg3+ 51. Kh1 Qxf3+ 52. Kh2 Qe2+ 53.
Kh1 Kf6 54. Qc8 Qf1+ 55. Kh2 Qf2+ 56. Kh1 Qf5 57. Qf8+ Ke5 58. Qxe7+ Kd4 59.
Qxh4+ Kc3 60. Qg3+ Kb2 61. h4 Ka3 62. Kh2 Qc2+ 63. Kh3 Qf5+ 64. Kh2 Qc2+ 65.
Kh3 Qc3 66. Kg2 Qf6 67. Kh3 Kb2 68. Kg2 Ka1 69. Kh3 Qf1+ 70. Kh2 Qe2+ 71. Kg1
Qc2 72. Kf1 Kb2 73. Kg1 Ka2 74. Kh1 Qxb3 75. Qxb3+ Kxb3 76. c5 Ka2 77. cxd6 b3
78. d7 b2 79. d8=Q b1=Q+ 80. Kg2 Qe4+ {=} 81. Kg3 Qd3+ 82. Kf4 Qf5+ 83. Ke3
Qe5+ 84. Kd3 Qg3+ 85. Kd4 Qf4+ 86. Kc5 Qc1+ 87. Kd6 Qf4+ 88. Ke6 Qf5+ 89. Ke7
Kb3 90. Qb6+ Kc4 91. Qe6 Qh5 92. d6+ Kc5 93. Qe3+ Kc6 94. Qc3+ Kb7 95. Qc7+ Ka6
96. Qc4+ Kb7 97. d7 Qh7+ 98. Kd6 Qh8 99. Qc7+ Ka6 100. Qc8+ 1-0

[Event "Championnat de Paris Open A"]
[Site "Paris"]
[Date "2010.07.09"]
[Round "7.4"]
[White "Elishev, Ivan"]
[Black "Dionisi, Thomas"]
[Result "1-0"]
[WhiteElo "2214"]
[BlackElo "2183"]
[PlyCount "51"]
[EventDate "2010.??.??"]

1. e4 c5 2. Nf3 Nc6 3. d4 cxd4 4. Nxd4 e5 5. Nb5 d6 6. N1c3 a6 7. Na3 b5 8. Nd5
Nge7 9. c4 Nd4 10. Be3 b4 11. Qa4+ Bd7 12. Qxb4 Rb8 13. Qxd6 Nxd5 14. Qxe5+ Be6
15. cxd5 Rxb2 16. Bxd4 Qa5+ 17. Bc3 Bb4 18. Qb8+ Ke7 19. d6+ Kd7 20. Bxb4 Rxb4
21. Qc7+ Qxc7 22. dxc7 Rxe4+ 23. Be2 Re8 24. Kf1 Bf5 25. Bxa6 Ra8 26. c8=Q+ 1-0

[Event "Championnat de Paris Open A"]
[Site "Paris"]
[Date "2010.07.09"]
[Round "7.5"]
[White "Rene, Benoit"]
[Black "Samoun, Florent"]
[Result "1-0"]
[WhiteElo "2299"]
[BlackElo "2160"]
[PlyCount "87"]
[EventDate "2010.??.??"]

1. g3 c5 2. Bg2 g6 3. c4 Bg7 4. Nc3 Nc6 5. d3 d6 6. e4 e6 7. Nge2 Nge7 8. O-O
O-O 9. a3 Nd4 10. Rb1 Rb8 11. b4 b6 12. Be3 Nec6 13. Qd2 Bb7 14. f4 f5 15. Bf2
Qd7 16. Rfe1 Rfe8 17. Nxd4 Nxd4 18. Ne2 Nxe2+ 19. Rxe2 e5 20. Rbe1 Qa4 21. fxe5
Rxe5 22. d4 Rxe4 23. Bxe4 Bxe4 24. dxc5 dxc5 25. bxc5 bxc5 26. Rxe4 fxe4 27.
Qd5+ Kh8 28. Bxc5 Qa5 29. Bb4 Qxd5 30. cxd5 Bd4+ 31. Kg2 Re8 32. d6 Kg8 33. Rd1
Bb6 34. d7 Ra8 35. Be7 Bd8 36. Bxd8 Rxd8 37. Kf2 Kf7 38. Ke3 Ke6 39. Kxe4 Rxd7
40. Rxd7 Kxd7 41. Ke5 Ke7 42. g4 g5 43. Kf5 h6 44. Kg6 1-0

[Event "Championnat de Paris Open A"]
[Site "Paris"]
[Date "2010.07.09"]
[Round "7.7"]
[White "Peric, Slavisa"]
[Black "Quach, Charlie"]
[Result "1/2-1/2"]
[WhiteElo "2215"]
[BlackElo "2153"]
[PlyCount "125"]
[EventDate "2010.??.??"]

1. d4 Nf6 2. Nf3 g6 3. Bg5 Bg7 4. Nbd2 d6 5. c3 O-O 6. e3 Nc6 7. h3 Qe8 8. Be2
e5 9. dxe5 dxe5 10. e4 h6 11. Be3 Qe7 12. Qc2 Nh5 13. Nb3 b6 14. g3 Bb7 15. Nh4
Nf6 16. f3 Nh5 17. Bf2 Nd8 18. Nd2 Nf6 19. Nc4 Ne6 20. O-O-O Rfd8 21. Ng2 Nc5
22. Rhg1 a5 23. g4 Ne6 24. Rxd8+ Rxd8 25. Rd1 Rxd1+ 26. Qxd1 Nc5 27. Ne1 Ncd7
28. Nd3 Qe6 29. Qb3 Ba6 30. Nd2 Qxb3 31. axb3 Bf8 32. Kc2 Nb8 33. Nc1 Bxe2 34.
Nxe2 Nfd7 35. Nc4 f6 36. Nc1 Bc5 37. Be3 Bf8 38. Nd3 Na6 39. h4 Nac5 40. Nxc5
Nxc5 41. g5 hxg5 42. hxg5 Kf7 43. gxf6 Kxf6 44. Bxc5 Bxc5 45. Kd3 Ke6 46. Nd2
Bg1 47. Kc4 Be3 48. Nb1 Kd6 49. Na3 c6 50. Kd3 Bc5 51. Nc4+ Ke6 52. Ke2 Kf6 53.
Kf1 Ke6 54. Kg2 Kf6 55. Kg3 Bg1 56. Kg2 Bc5 {=} 57. Kf1 Ke6 58. Ke2 Bg1 59. Kd3
Bc5 60. Kc2 Bf2 61. Kd2 Bc5 62. Ke1 Bg1 63. Kf1 1/2-1/2

[Event "Championnat de Paris Open A"]
[Site "Paris"]
[Date "2010.07.09"]
[Round "7.8"]
[White "Cirlan, Ionut-Gheorghe"]
[Black "Pozdnjakov, Viatcheslav"]
[Result "0-1"]
[WhiteElo "2110"]
[BlackElo "2208"]
[PlyCount "100"]
[EventDate "2010.??.??"]

1. e4 e6 2. d4 d5 3. e5 c5 4. Nf3 cxd4 5. Bd3 Nc6 6. O-O Bd7 7. a3 a5 8. b3 Bc5
9. Re1 h6 10. h4 Nge7 11. Bb2 Qb6 12. Nbd2 f6 13. Qe2 O-O 14. Nf1 fxe5 15. Nxe5
Nxe5 16. Qxe5 Nc6 17. Qg3 e5 18. Bc1 Rf6 19. b4 Bd6 20. bxa5 Qxa5 21. Bd2 Qc7
22. Bb5 e4 23. Qb3 Be6 24. c4 dxc3 25. Bxc3 d4 26. Bc4 Qf7 27. Bxe6 Qxe6 28.
Qxb7 Rb8 29. Qa6 dxc3 30. Qa4 Qf5 31. Ra2 Rb2 32. Rxb2 cxb2 33. Qb3+ Kh7 34.
Qxb2 Ne5 35. Ng3 Qg4 36. Rxe4 Qd1+ 37. Nf1 Nd3 38. Qe2 Nxf2 39. Qxd1 Nxd1 40.
Re1 Nb2 41. Ra1 Bc5+ 42. Kh2 Bxa3 43. Rxa3 Rxf1 44. g4 Nc4 45. Ra4 Ne5 46. Kg2
Rc1 47. Kg3 Rc4 48. Rxc4 Nxc4 49. h5 g5 50. hxg6+ Kxg6 0-1

[Event "Championnat de Paris Open A"]
[Site "Paris"]
[Date "2010.07.09"]
[Round "7.9"]
[White "Aurel, Luc"]
[Black "Gretry, Patrice"]
[Result "1/2-1/2"]
[WhiteElo "2185"]
[BlackElo "2010"]
[PlyCount "80"]
[EventDate "2010.??.??"]

1. e4 b6 2. d4 Bb7 3. Nd2 e6 4. Ngf3 c5 5. c3 Nf6 6. Bd3 Be7 7. Qe2 Nc6 8. dxc5
Bxc5 9. e5 Ng4 10. O-O Qc7 11. Nc4 b5 12. Nd6+ Bxd6 13. exd6 Qxd6 14. g3 a6 15.
Bf4 Qe7 16. Rfe1 Nf6 17. Rad1 d5 18. Ne5 O-O 19. Bc2 Nxe5 20. Bxe5 Nd7 21. Bd4
Rfe8 22. f4 f6 23. h4 Qf7 24. Be3 Rac8 25. Qf2 Qf8 26. Kh2 Qd6 27. h5 b4 28.
cxb4 Qxb4 29. Rd4 Qd6 30. a3 e5 31. Rb4 Ba8 32. Ba4 d4 33. Bxd4 exd4 34. Rxe8+
Rxe8 35. Rxd4 Qb6 36. Bxd7 Re7 37. Bh3 Qb7 38. Rd1 Qb5 39. Re1 Rxe1 40. Qxe1
Qxb2+ 1/2-1/2

[Event "Championnat de Paris Open A"]
[Site "Paris"]
[Date "2010.07.09"]
[Round "7.10"]
[White "Rano, David"]
[Black "Debeaune, Robin"]
[Result "0-1"]
[WhiteElo "2166"]
[BlackElo "2115"]
[PlyCount "130"]
[EventDate "2010.??.??"]

1. d4 Nf6 2. c4 c5 3. d5 b5 4. cxb5 a6 5. Nc3 axb5 6. e4 b4 7. Nb5 d6 8. Bc4
Nbd7 9. Nf3 Nb6 10. Bd3 Bd7 11. Qe2 Ra5 12. e5 Nfxd5 13. exd6 e6 14. b3 Qb8 15.
O-O Bxd6 16. Nxd6+ Qxd6 17. Bd2 O-O 18. a4 Nf4 19. Bxf4 Qxf4 20. Ne5 Ra7 21.
Rac1 Rc8 22. g3 Qf6 23. Rfd1 Be8 24. Be4 g6 25. f4 Qe7 26. Qf2 f6 27. Nd3 Rac7
28. Re1 Bc6 29. Qxc5 Nd5 30. Qxe7 Nxe7 31. Nxb4 Bxe4 32. Rxc7 Rxc7 33. Rxe4 Rc3
34. Rxe6 Nf5 35. Nd5 Rxb3 36. a5 Nd4 37. Rb6 Rd3 38. Nxf6+ Kg7 39. Kf2 Rf3+ 40.
Kg2 Ra3 41. a6 Ra2+ 42. Kh3 h5 43. g4 Ra3+ 44. Kg2 h4 45. g5 Ra2+ 46. Kf1 Kf8
47. Ng4 h3 48. Rxg6 Nf3 49. Rh6 Nd2+ 50. Ke2 Nb3+ 51. Kf3 Nc5 52. Rxh3 Ra3+ 53.
Ne3 Nxa6 54. f5 Nc7 55. f6 Ne6 56. Rh8+ Kf7 57. h4 Nd4+ 58. Ke4 Ra4 59. Kd5 Ne2
60. Rh7+ Kg8 61. Rg7+ Kh8 62. Nf5 Ra5+ 63. Ke4 Ng3+ 64. Nxg3 Re5+ 65. Kf4 Rf5+
0-1

[Event "Championnat de Paris Open A"]
[Site "Paris"]
[Date "2010.07.09"]
[Round "7.11"]
[White "Legrand, Stephane"]
[Black "Hanchour, Baroudi"]
[Result "0-1"]
[WhiteElo "2129"]
[BlackElo "2159"]
[PlyCount "68"]
[EventDate "2010.??.??"]

1. d4 d5 2. Nf3 Nc6 3. e3 Bf5 4. c4 e6 5. Nc3 Nb4 6. Qa4+ c6 7. Kd2 dxc4 8. a3
Bc2 9. Qxc2 Nxc2 10. Kxc2 b5 11. Ne5 Qc8 12. Be2 f6 13. Nf3 Ne7 14. e4 g6 15.
e5 f5 16. h4 h6 17. Rg1 h5 18. Ng5 Nd5 19. Bf3 a6 20. Ne2 Be7 21. Bd2 a5 22.
Bxd5 cxd5 23. Rge1 O-O 24. Nf4 Bxg5 25. Nxg6 Kg7 26. Nxf8 Bxd2 27. Nxe6+ Qxe6
28. Kxd2 Kf7 29. g3 Qh6+ 30. f4 Ke6 31. Re3 Qf8 32. Rf3 b4 33. a4 Rb8 34. Kc2
Qe8 0-1

[Event "Championnat de Paris Open A"]
[Site "Paris"]
[Date "2010.07.09"]
[Round "7.12"]
[White "Poelstra, Ben"]
[Black "Ribeiro, Romain"]
[Result "1/2-1/2"]
[WhiteElo "2117"]
[BlackElo "2159"]
[PlyCount "163"]
[EventDate "2010.??.??"]

1. e4 c5 2. c3 b6 3. d4 Bb7 4. Bd3 Nf6 5. Qe2 g6 6. Nf3 Bg7 7. Bg5 h6 8. Bh4
Nh5 9. O-O Nf4 10. Qe3 Nxd3 11. Qxd3 Ba6 12. c4 cxd4 13. Nxd4 Nc6 14. Nxc6 dxc6
15. Qc2 Qd4 16. Nc3 Qxc4 17. Rfd1 g5 18. Bg3 O-O 19. Rd7 Rfd8 20. Rxe7 Rd3 21.
Qb3 Rad8 22. h4 R8d7 23. Rxd7 Rxd7 24. hxg5 hxg5 25. Rd1 Rxd1+ 26. Qxd1 Qd4 27.
Qg4 Qd2 28. e5 Bxe5 29. Ne4 Qc1+ 30. Kh2 Bg7 31. Nxg5 Qxb2 32. Qd7 Qf6 33. Qe8+
Bf8 34. Qxf8+ Kxf8 35. Nh7+ Ke7 36. Nxf6 Kxf6 37. Bb8 Bc4 38. Bxa7 b5 39. a3
Ke5 40. g3 Kd5 41. g4 c5 42. Kg3 Be2 43. f4 c4 44. g5 Ke4 45. Kf2 Bg4 46. Bb8
Kd3 47. Ke1 Kc2 48. Be5 c3 49. Bf6 Kb3 50. Be5 Bf5 51. Kd1 Kb2 52. Bf6 Bg4+ 53.
Ke1 Kc2 54. Bg7 Be6 55. Bf6 Bf5 56. Be5 Kb3 57. Bf6 c2 58. Kd2 Kxa3 59. Kc1 Kb3
60. Be5 Kc4 61. Bf6 Kd3 62. Be5 b4 63. Bd6 b3 64. Bb4 Ke3 65. Bd2+ Ke2 66. Bc3
Bg6 67. Be5 Ke3 68. Bc3 Ke4 69. Be1 Kd3 70. Ba5 Bf5 71. Bb4 Kc4 72. Be1 Kd4 73.
Ba5 Ke3 74. Bc3 Kxf4 75. Bd2+ Ke4 76. Kb2 Be6 77. Bc1 Kf3 78. Bd2 Ke2 79. Bf4
Bd5 80. Bc1 Kd3 81. Bf4 Ke2 82. Bc1 1/2-1/2